Desastres Preparativos y Mitigación de las Américas (Registro nro. 1175)
[ vista simple ]
| 000 -LEADER | |
|---|---|
| fixed length control field | 00545nas a22001577a 4500 |
| 008 - CAMPO DE CONTROL RECURSOS CONTINUADOS | |
| fixed length control field | 130225t20049999-us||||| |||| 00| 0 spa d |
| 245 ## - TITULO | |
| Titulo | Desastres Preparativos y Mitigación de las Américas |
| 260 ## - PUBLICACION, DISTRIBUCION, ETC. (PIE DE IMPRENTA) | |
| Lugar de publicación, distribución, etc | Washington D.C.: |
| Nombre de la editorial, distribuidor, etc. | OPS, |
| Fecha de publicación | 2004 |
| 300 ## - DESCRIPCION FISICA | |
| Extensión | v. : |
| 310 ## - FRECUENCIA ACTUAL DE LA PUBLICACION | |
| Frecuencia actual de la publicación | semestral |
| 546 ## - NOTA DE IDIOMA | |
| Nota de lenguaje | español |
| 590 ## - NOTAS LOCALES (RLIN) | |
| Nota local | Existencias: 2004 (95); 2006 (103-105); 2007 (106); 2008 (109); 2009 (112); 2011 (116)<br/>BAJA DEPOSITO (CAJA 24) MAYO 2019 |
| 650 ## - MATERIA-TERMINO TEMATICO | |
| Término temático | DESASTRES |
| 9 (RLIN) | 1904 |
| 856 ## - LOCALIZACION ELECTRONICA Y ACCESO | |
| Identificador Uniforme de Recurso (URI) | <a href="http://new.paho.org/disasters/newsletter/">http://new.paho.org/disasters/newsletter/</a> |
| 942 ## - ADDED ENTRY ELEMENTS (KOHA) | |
| Source of classification or shelving scheme | Dewey Decimal Classification |
| Item type | Continuing Resources |
No hay ítems disponibles.